Вып. 61; Вопросы вычислительной и прикладной математики

Detalles Bibliográficos
Parent link:Вопросы вычислительной и прикладной математики: сборник научных трудов/ Академия наук Узбекской ССР (АН УзССР), Институт кибернетики. Вып. 61.— , 1970-1990
Outros autores: Кабулов В. К. (редактор)
Idioma:ruso
Publicado: 1980
Subjects:
Formato: Libro
KOHA link:https://koha.lib.tpu.ru/cgi-bin/koha/opac-detail.pl?biblionumber=333822

MARC

LEADER 00000nam2a2200000 4500
001 333822
005 20231102004608.0
035 |a (RuTPU)RU\TPU\book\359838 
035 |a RU\TPU\book\359837 
090 |a 333822 
100 |a 20170628d1980 k y0rusy50 ca 
101 0 |a rus 
102 |a UZ 
105 |a a z 001zy 
200 0 |a Вып. 61 
210 |d 1980 
215 |a 159 с.  |c ил. 
320 |a Библиография в конце статей 
461 1 |0 (RuTPU)RU\TPU\book\172720  |t Вопросы вычислительной и прикладной математики  |o сборник научных трудов  |f Академия наук Узбекской ССР (АН УзССР), Институт кибернетики  |v Вып. 61  |d 1970-1990 
606 1 |a Вычислительная математика  |2 stltpush  |3 (RuTPU)RU\TPU\subj\4022  |9 32338 
606 1 |a Математика прикладная  |2 stltpush  |3 (RuTPU)RU\TPU\subj\53312  |9 71627 
610 1 |a математические методы 
610 1 |a электронные вычислительные машины 
610 1 |a применение 
610 1 |a решение задач 
610 1 |a кубатурные формулы 
610 1 |a дифференциальные игры 
610 1 |a квазилинейные уравнения 
610 1 |a краевые задачи 
610 1 |a алгоритмизация 
610 1 |a оптимальное проектирование 
610 1 |a фильтрация 
610 1 |a численные методы 
610 1 |a неразрезные балки 
610 1 |a волны 
610 1 |a трехмерные пространства 
675 |a 519.6  |v 3 
675 |a 51-7  |v 3 
702 1 |a Кабулов  |b В. К.  |4 340 
801 1 |a RU  |b 63413507  |c 20140110 
801 2 |a RU  |b 63413507  |c 20231009  |g RCR 
942 |c BK